| 000 | 00385nam a2200133Ia 4500 | ||
|---|---|---|---|
| 008 | 220216s9999 xx 000 0 und d | ||
| 245 | 0 | _aSustaining the Malaysian rubber industrys contribution to a high income economy | |
| 260 |
_bInternational Rubber Journal _c2011 |
||
| 300 | _a16-26 | ||
| 650 | _aMalaysia | ||
| 650 | _aRubber industry | ||
| 650 | _aRubber products | ||
| 942 | _cJS | ||
| 999 |
_c70087 _d70087 |
||